| 000 | 00795nam a2200277 i 4500 | ||
|---|---|---|---|
| 001 | 000002710 | ||
| 003 | DO-SdBNP | ||
| 005 | 20240315194915.0 | ||
| 007 | ta | ||
| 008 | 090703s2022 dr a 000 0 spa d | ||
| 020 | _a9789945182538 | ||
| 040 |
_aDO-SdBNP _bspa _cBNPHU _erda |
||
| 082 |
_bM766v _222 |
||
| 100 | 1 |
_aMontás, Juan Temístocles _d1950- _979676 |
|
| 245 | 0 | 0 |
_aEn victoria : _bla escalada electoral del PLD / _cJuan Temístocles Montás |
| 264 |
_aSanto Domingo : _bAlfa y Omega _c2022. |
||
| 300 |
_a114 paginas . : _bilustraciones ; _c25 cm. |
||
| 336 |
_2rdacontent _atexto _btxt |
||
| 337 |
_2rdamedia _asin mediación _bn |
||
| 338 |
_2rdacarrier _avolumen _bnc |
||
| 500 | _a. | ||
| 505 | _a | ||
| 590 | _aInventariado, 2023 / DG | ||
| 910 | _aDG | ||
| 942 |
_2ddc _cLBS1 |
||
| 999 |
_c53484 _d53484 |
||